| 000 | 00632cam a2200193 a 4500 | ||
|---|---|---|---|
| 020 | _a971560014X | ||
| 040 | _cAUT | ||
| 082 | _a631 SEA 1998 A091 Or. | ||
| 245 | 0 | 0 | _aCatalogue of conservation practices for agriculture on sloping land / |
| 260 |
_aCollege, Laguna, Philippines ; _aSEARCA, _c1998. |
||
| 300 |
_ax, 158 p. : _bill. (some col.) ; _c30 cm. |
||
| 650 | 0 | _aHill farming | |
| 650 | 0 | _aAgricultural conservation | |
| 700 | 1 | _aGomez, Arturo A. | |
| 700 | 1 | _aKelly, David E. Swete. | |
| 700 | 1 | _aBaril, Ma. Theresa A. | |
| 710 | 2 | _aSEAMEO Regional Center for Graduate Study and Research in Agriculture. | |
| 942 | _cEK | ||
| 999 |
_c15709 _d15709 |
||